000 00969nam a2200229 i 4500
001 153948
003 ES-MaACL
005 20250730063135.0
008 960214s1789 it |||| | lat d
040 _aEUS
_bspa
_cEUS
100 1 _aEspen, Zergen Bernard van,
_d1646-1726
_9126963
245 1 0 _aSupplementum ad varias collectiones operum ... Zegeri Bernardi Van-Espen ...
_b: continens Prñclara Juris Responsa, Epistolas, & varia Opuscula ... cum variis Monumentorum Appendicibus : Tomus primus, operum vero decimus.
260 _aVenetiis :
_bEx typographia Balleoniana,
_c1789.
300 _aXVI, 695 [i.e. 705] p. ;
_c4º.
596 _aMarca tip. en port.
597 _aSign.:a8, A-Z8, 2A-2V8, 2X10.
597 _aTexto a dos col.
597 _aErrores de pag., p. 643-652 repetidas.
597 _aMúltiples errores tip. de pag.
852 _aES-MaACL
_jR-774-85
_z-- Enc. pasta española
_x-- Olim: G-6783-94
999 _c153948
_d153948